Arminia Bielefeld Best Scorer By Year - Statistics

General Stats
  • This quiz has been taken 106 times
    92 since last reset
  • The average score is 4 of 15
Answer Stats
Player % Correct
Fabian Klos
92%
Artur Wichniarek
57%
Ritsu Doan
53%
Masaya Okugawa
52%
Stefan Kuntz
45%
Bruno Labbadia
43%
Delron Buckley
23%
Isaac Boakye
15%
Frank Pagelsdorf
10%
Norbert Eilenfeldt
10%
Gerd-Volker Schock
8%
Siegfried Reich
5%
Ernst Kuster
3%
Jürgen Jendrossek
3%
Karl-Heinz Brücken
3%
No matching quizzes found
Score Distribution
Percent of People with Each Score
Percentile by Number Answered
Your Score History
You have not taken this quiz since the last reset